000 00678nam a2200229 a 4500
999 _c3193
_d3193
001 3193
003 BD-JhCC
005 20171112100047.0
008 171111s1985 b ||||| |||| 00| 0 b d
035 _a(BD-JhCC)
040 _aBD-JhCC
_dBD-JhCC
041 _aben
082 _a636.6
_bIMM 1985
100 _aইমাম, আলী
245 _aপাখির জগৎ /
_cআলী ইমাম
260 _aঢাকা :
_bবাংলা একাডেমী,
_c১৯৮৫
300 _a110 p. :
_c20cm.
490 _aSeries in honour of the Martyrs of the Language Movement of February 1952.
650 _aWorld of bird
942 _2ddc
_cBK